Szczegóły MARC21

Rozwój i awans zawodowy nauczyciela czyli Jak uzyskać stopień nauczyciela kontraktowego, mianowanego i dyplomowanego : poradnik dla nauczycieli i dyrektorów szkół oraz pracowników organów prowadzących i nadzorujących szkoły /

003 -Nazwa inst., której nr kontr. jest w polu 001 [,]
    • @
    • Nazwa instytucji, której n kontrolny jest w polu 001
    • NUKAT
005 -DATA I CZAS OSTATNIEJ MODYFIKACJI [,]
    • @
    • pole kontrolne
    • 20241231110159.0
020 -Międzynarod. znormalizowany nr książki - ISBN [ , ]
    • a
    • Numer ISBN
    • 8389654326 Find
040 -Instytucja sporządzająca opis [ , ]
    • a
    • Instytucja, która sporządziła opis (NP)
    • OLSZT 003/WO
    • c
    • Instytucja, która sporządziła rekord (NP)
    • OLSZT 003/WO
    • d
    • Instytucja, która zmodyfikowała rekord (P)
    • OLSZT 003/WO
942 -Rodzaj dokumentu [ , ]
    • c
    • Rodzaj dokumentu
    • Książka
100 -Hasło główne - nazwa osobowa [1, ]
    • a
    • Nazwa osobowa (NP)
    • Pielachowski, Józef
    • d
    • Daty biograficzne (NP)
    • (1940- ).
    • 9
    • KHW
    • 466616
245 -Strefa tytułu i oznaczenia odpowiedzialności [1,0]
    • a
    • Tytuł
    • Rozwój i awans zawodowy nauczyciela czyli Jak uzyskać stopień nauczyciela kontraktowego, mianowanego i dyplomowanego : Find
    • b
    • Ciąg dalszy tytułu (NP)
    • poradnik dla nauczycieli i dyrektorów szkół oraz pracowników organów prowadzących i nadzorujących szkoły / Find
    • c
    • Pozostałe elementy strefy tytułu i oznaczenia odpowiedzialności (NP)
    • Józef Pielachowski.
246 -Wariant tytułu [3,0]
    • a
    • Tytuł (NP)
    • Jak uzyskać stopień nauczyciela kontraktowego, mianowanego i dyplomowanego
250 -Strefa wydania [ , ]
    • a
    • Oznaczenie wydania (NP)
    • Wyd. 5.
260 -Strefa adresu wydawniczego [ , ]
    • a
    • Miejsce wydania (P)
    • Poznań :
    • b
    • Nazwa wydawcy (P)
    • Oficyna Ekonomiczna Wydawnictwa eMPi2,
    • c
    • Data wydania (P)
    • 2005.
300 -Strefa opisu fizycznego [ , ]
    • a
    • Określenie formy książki i/lub objętość (NP)
    • 110, [1] s. ;
    • c
    • Format (NP)
    • 24 cm.
336 -Typ zawartości [ , ]
    • a
    • Termin opisujący typ zawartości
    • Tekst
    • b
    • Kod określający zawartość
    • txt
    • 2
    • Źródło (terminu i kodu)
    • rdacontent
337 -Typ mediów [ , ]
    • a
    • Tryb odtwarzania
    • Bez urządzenia pośredniczącego
    • b
    • Kod typu mediów
    • n
    • 2
    • Źródło (terminu i kodu)
    • rdamedia
338 -Typ/rodzaj nośnika [ , ]
    • a
    • Hasło opisujące typ nośnika
    • Wolumin
    • b
    • Kod typu nośnika
    • nc
    • 2
    • Źródło (terminu i kodu)
    • rdacarrier
490 -Strefa serii i książki wielotomowej - forma nie do wyszukiwania [1, ]
    • a
    • Tytuł (P)
    • Materiały i Podręczniki Mariana Pietraszewskiego Find
830 -Hasło dodatkowe serii i opisu książki wielotomowej - tytuł ujednolicony/tytuł [ ,0]
    • a
    • Tytuł ujednolicony/tytuł (NP)
    • Materiały i Podręczniki Mariana Pietraszewskiego
    • 9
    • KHW
    • 95405
080 -Uniwersalna Klasyfikacja Dziesiętna [ , ]
    • a
    • Symbol klasyfikacji
    • 371.123(438)
080 -Uniwersalna Klasyfikacja Dziesiętna [ , ]
    • a
    • Symbol klasyfikacji
    • :371.13/.14(438)
650 -Hasło przedmiotowe [ ,7]
    • a
    • Hasło przedmiotowe
    • Nauczyciele
    • x
    • Określnik rzeczowy
    • awanse
    • x
    • Określnik rzeczowy
    • prawo
    • z
    • Określnik geograficzny
    • Polska
    • v
    • Określnik formalny
    • poradniki.
    • 2
    • Źródło terminu
    • kaba
    • 9
    • KHW
    • 515143
980 -Symbol UKD [ , ]
    • a
    • UKD
    • 371.123:371.13/.14](438)
920 -ISBN [ , ]
    • a
    • ISBN
    • 83-89654-32-6 Find
Status udost. Numer inwentarzowy Data inwentaryzacji Lokalizacja
-3Pd.168332005-06-16BG
-3Pd.173412005-11-10BG
1Pd.168322005-06-16BG
-3Pd.173422005-11-10BG